Laboratorní měření na velmi vysokých kmitočtech /

Hlavní autor: Jakubová, Ivana
Další autoři: Svačina, Jiří, 1948-
Jazyk: Čeština
Vydáno: Brno : Vysoké učení technické, 1986
Vydání: 1. vyd.
Témata:
Fyzický popis: 151 s.
Knihy
Uloženo v:
LEADER 01745nam a22003492a 4500
001 000153375
003 CZ BrMZK
005 20071024122335.0
007 ta
008 970103s1986 xr f cze d
015 |a cnb000034335 
035 |a (OCoLC)39434912 
040 |a BOA001  |b cze 
080 9 |a 621.317.76(076) 
100 1 |a Jakubová, Ivana  |7 mzk2003169439  |4 aut 
245 1 0 |a Laboratorní měření na velmi vysokých kmitočtech /  |c Ivana Jakubová, Jiří Svačina 
250 |a 1. vyd. 
260 |a Brno :  |b Vysoké učení technické,  |c 1986 
300 |a 151 s. 
700 1 |a Svačina, Jiří,  |d 1948-  |7 jn20000710620  |4 aut 
910 |a BOA001  |b 4-0914.508  |b TK-A-0231.616 
964 |a Velmi vysoké kmitočty - měřící technika - praktika 
990 |a BK 
996 7 |b 2629961862  |c TK-A-0231.616  |l MZK  |r Sklad / do 24 hodin  |n 0  |w 000153375  |u 000020  |a 1  |e BOA001  |j MZK50  |s A 
996 7 |b 2629961868  |c TK-A-0231.616  |l MZK  |r Sklad / do 24 hodin  |n 0  |w 000153375  |u 000010  |a 1  |e BOA001  |j MZK50  |s A 
996 7 |b 2629961869  |c TK-A-0231.616  |l MZK  |r Sklad / do 24 hodin  |n 0  |w 000153375  |u 000050  |a 1  |e BOA001  |j MZK50  |s A 
996 7 |b 2629961870  |c TK-A-0231.616  |l MZK  |r Sklad / do 24 hodin  |n 0  |w 000153375  |u 000030  |a 1  |e BOA001  |j MZK50  |s A 
996 7 |b 2629961872  |c TK-A-0231.616  |l MZK  |r Sklad / do 24 hodin  |n 0  |w 000153375  |u 000070  |a 1  |e BOA001  |j MZK50  |s A 
996 7 |b 2629961874  |c TK-A-0231.616  |l MZK  |r Sklad / do 24 hodin  |n 0  |w 000153375  |u 000060  |a 1  |e BOA001  |j MZK50  |s A 
996 7 |b 2629986037  |c TK-A-0231.616  |l MZK  |r Sklad / do 24 hodin  |n 0  |w 000153375  |u 000040  |a 1  |e BOA001  |j MZK50  |s A 
996 6 |b BC-490673  |c 4-0914.508  |l MZK  |r Sklad / do 1 hodiny  |n 0  |w 000153375  |u 000080  |a 1  |e BOA001  |j MZK50  |s P 
996 6 |b BC-490674  |c 4-0914.508  |l MZK  |r Sklad / do 1 hodiny  |n 0  |w 000153375  |u 000090  |a 1  |e BOA001  |j MZK50  |s P